00414cam a2200157ua 45000010005000000080039000050400009000440820014000531000035000672450051001022500009001532600043001623000017002056530013002226530021002352440110817n ii |||gr||||Z||||||asm cMAIN a398.091451 aChaliha, Kritiprasad,eAuthor.1 aBihur itihas anbesanatcby Kritiprasad Chaliha a2nd. aDibrugarh:bKaustibh prakashan,c2009. a115p:c23cm. aFolklore aAssamese culture